[Event "4NCL Division 3 South"]
[Site "Milton Keynes, ENG"]
[Date "2022.03.26"]
[Round "5.103"]
[White "Valentine, Brian J"]
[Black "Alderson, John K A"]
[Result "1-0"]
[WhiteElo "1918"]
[BlackElo "1787"]
[PlyCount "152"]
[EventDate "2022.03.26"]
[WhiteTeam "MK Phoenix 2"]
[BlackTeam "Iceni 3"]

1. e4 d6 2. d4 Nf6 3. Nc3 e5 4. Nf3 Nbd7 5. g3 Be7 6. Bg2 c6 7. a4 a5 8. O-O
O-O 9. Re1 Re8 10. d5 Nc5 11. Be3 Qc7 12. Nd2 Bd7 13. Nc4 cxd5 14. exd5 Ng4 15.
Nb5 Bxb5 16. axb5 Nxe3 17. Nxe3 Qd7 18. Bf1 b6 19. Nc4 Rab8 20. Qd2 Rf8 21. f4
e4 22. b4 axb4 23. Qxb4 f5 24. Ra2 Rfc8 25. Rea1 Bd8 26. Ra7 Bc7 27. Bh3 g6 28.
Ne3 h5 29. Bf1 Qg7 30. R1a2 Qf6 31. Qb2 Kg7 32. h3 Qxb2 33. Rxb2 Kf6 34. g4
hxg4 35. hxg4 Ra8 36. Rba2 Rxa7 37. Rxa7 fxg4 38. Be2 Bb8 39. Ra8 Rf8 40. Bxg4
Ke7 41. Kg2 Bc7 42. Ra7 Kd8 43. Kg3 Rf6 44. Ra8+ Ke7 45. Rc8 Bd8 46. Nc4 Na4
47. Nd2 Nc5 48. Ra8 e3 49. Ra7+ Kf8 50. Nc4 Ne4+ 51. Kf3 e2 52. Kxe2 Nc3+ 53.
Kd3 Nxd5 54. Kd4 Nxf4 55. Rd7 Be7 56. Nxb6 Ke8 57. Nc8 Ne6+ 58. Bxe6 Rxe6 59.
Rxe7+ Rxe7 60. Nxe7 Kxe7 61. Kd5 Kd7 62. c4 g5 63. Ke4 Ke6 64. Kf3 d5 65. c5
Kd7 66. b6 Kc6 67. Ke3 Kb7 68. Kd4 Kc6 69. Ke3 Kb7 70. Kf3 Kc6 71. Kg4 d4 72.
Kf3 g4+ 73. Kxg4 d3 74. Kf3 Kxc5 75. b7 Kc4 76. b8=Q Kc3 {#} 1-0

[Event "4NCL Division 3 South"]
[Site "Milton Keynes, ENG"]
[Date "2022.03.26"]
[Round "5.104"]
[White "Kent, Rowan"]
[Black "Whiteside, Robert"]
[Result "0-1"]
[WhiteElo "1533"]
[BlackElo "1811"]
[PlyCount "76"]
[EventDate "2022.03.26"]
[WhiteTeam "Iceni 3"]
[BlackTeam "MK Phoenix 2"]

1. e4 e5 2. Nf3 Nc6 3. Bc4 Nf6 4. O-O Bc5 5. Nc3 O-O 6. d3 h6 7. Be3 Bxe3 8.
fxe3 d6 9. Qd2 Na5 10. Bb3 Nxb3 11. axb3 c6 12. d4 Qe7 13. Rae1 Bg4 14. Qf2
Rad8 15. Nh4 b5 16. Nf5 Bxf5 17. Qxf5 b4 18. Nd1 Rfe8 19. Nf2 Qd7 20. Nd3 Qxf5
21. exf5 a5 22. Ra1 e4 23. Nf2 Ra8 24. Ra4 Nd5 25. Re1 h5 26. Nh3 c5 27. dxc5
dxc5 28. Nf4 Nb6 29. Raa1 h4 30. Kf2 Re5 31. g3 hxg3+ 32. Kxg3 Rxf5 33. Ra2 g6
34. Rea1 c4 35. Ra4 Nxa4 36. bxa4 Rd8 37. Ne2 Rf3+ 38. Kg4 Rxe3 0-1

[Event "4NCL Division 3 South"]
[Site "Milton Keynes, ENG"]
[Date "2022.03.26"]
[Round "5.105"]
[White "Obi, Marc On"]
[Black "Hartshorn, Harry"]
[Result "1-0"]
[WhiteElo "1782"]
[BlackElo "1278"]
[PlyCount "49"]
[EventDate "2022.03.26"]
[WhiteTeam "MK Phoenix 2"]
[BlackTeam "Iceni 3"]

1. e4 c5 2. Nf3 Nc6 3. d4 cxd4 4. Nxd4 Nf6 5. Nc3 d6 6. Bc4 g6 7. f3 Bg7 8. Be3
O-O 9. Qd2 Bd7 10. Bh6 Bxh6 11. Qxh6 Nxd4 12. O-O-O Nc6 13. h4 Na5 14. Be2 Be6
15. e5 Nh5 16. Ne4 f6 17. g4 Ng7 18. Bd3 Kf7 19. exd6 Bd5 20. dxe7 Qxe7 21.
Rhe1 Qd7 22. Nxf6 Kxf6 23. Qxh7 Qe8 24. g5+ Kf7 25. Bxg6# 1-0

[Event "4NCL Division 3 South"]
[Site "Milton Keynes, ENG"]
[Date "2022.03.26"]
[Round "5.121"]
[White "Shah, Kian"]
[Black "Eastham, Rory"]
[Result "1-0"]
[WhiteElo "1877"]
[BlackElo "1500"]
[PlyCount "85"]
[EventDate "2022.03.26"]
[WhiteTeam "Cambridge University Y"]
[BlackTeam "Celtic Tigers 3"]

1. e4 c6 2. d4 d5 3. e5 c5 4. c3 Nc6 5. h3 cxd4 6. cxd4 Bf5 7. Nc3 e6 8. Nf3 h6
9. Bd3 Nge7 10. Nb5 Nc8 11. Bxf5 exf5 12. Qd3 Qb6 13. O-O a6 14. Nc3 N8e7 15.
Re1 Nb4 16. Qb1 g6 17. a3 Nbc6 18. Qd3 Bg7 19. Bf4 O-O 20. h4 Rac8 21. b4 Na7
22. Rac1 Nb5 23. Na4 Qd8 24. Nc5 b6 25. Nxa6 Qd7 26. a4 Nc3 27. Rxc3 Rxc3 28.
Qxc3 Qxa4 29. Ra1 Qb5 30. Nc7 Qc4 31. Qxc4 dxc4 32. Rc1 b5 33. Nxb5 Rb8 34. Nd6
Nd5 35. Bh2 c3 36. Nxf7 Rxb4 37. Nd6 Rb2 38. Nc4 Rb4 39. Ne3 Rb2 40. Nxd5 c2
41. Nd2 h5 42. Ne3 Bh6 43. f4 1-0

[Event "4NCL Division 3 South"]
[Site "Milton Keynes, ENG"]
[Date "2022.03.26"]
[Round "5.122"]
[White "Rigby, Charles"]
[Black "Ivan, Austin"]
[Result "0-1"]
[WhiteElo "1410"]
[BlackElo "1753"]
[PlyCount "50"]
[EventDate "2022.03.26"]
[WhiteTeam "Celtic Tigers 3"]
[BlackTeam "Cambridge University Y"]

1. d4 e6 2. Bf4 d5 3. e3 Bd6 4. Bg3 Nf6 5. Nd2 Bxg3 6. hxg3 Qd6 7. Ngf3 c5 8.
c3 Nc6 9. Bd3 Bd7 10. Qe2 Rc8 11. e4 dxe4 12. dxc5 Qxd3 13. Qxd3 exd3 14. O-O-O
O-O 15. g4 Nxg4 16. Rdf1 Nge5 17. Nh2 Ne7 18. f4 N5g6 19. Ng4 f5 20. Nf2 Nxf4
21. Rh2 Rxc5 22. g3 Ne2+ 23. Kd1 Ba4+ 24. Ke1 Nxg3 25. Rg1 Re5+ 0-1

[Event "4NCL Division 3 South"]
[Site "Milton Keynes, ENG"]
[Date "2022.03.26"]
[Round "5.123"]
[White "Evans, Daniel"]
[Black "Royce, Anastasija"]
[Result "0-1"]
[WhiteElo "1554"]
[BlackElo "1446"]
[PlyCount "134"]
[EventDate "2022.03.26"]
[WhiteTeam "Cambridge University Y"]
[BlackTeam "Celtic Tigers 3"]

1. e4 e5 2. Nc3 Nf6 3. f4 Nc6 4. Bc4 d6 5. h3 a6 6. Nf3 Be7 7. d3 exf4 8. Bxf4
Be6 9. Bxe6 fxe6 10. d4 d5 11. e5 Nd7 12. Qd2 Nb6 13. b3 h6 14. a3 Rf8 15. Ne2
Qd7 16. Qd3 O-O-O 17. Be3 g5 18. Nd2 Na7 19. a4 Nc6 20. c3 h5 21. Kd1 h4 22.
Kc2 Na5 23. Rhb1 Qc6 24. b4 Nac4 25. b5 Nxe3+ 26. Qxe3 axb5 27. axb5 Qe8 28.
Ra5 Qg6+ 29. Qd3 Qxd3+ 30. Kxd3 Rf2 31. Rg1 Rg8 32. Ke3 Rgf8 33. Nf3 Nc4+ 34.
Kxf2 Nxa5 35. g3 Nc4 36. Ra1 Kd7 37. Rd1 hxg3+ 38. Nxg3 Rh8 39. Nd2 Nxd2 40.
Rxd2 Rxh3 41. Kg2 Rh4 42. Rd1 c5 43. bxc6+ Kxc6 44. Rb1 Rh8 45. Kf3 Ra8 46. Kg4
Ra3 47. Rc1 Rb3 48. Nh5 Kd7 49. Nf6+ Kd8 50. Kxg5 Ba3 51. Rh1 Rxc3 52. Rh8+ Kc7
53. Re8 Rd3 54. Rxe6 Rxd4 55. Kf5 Rd1 56. Re8 b5 57. e6 Rf1+ 58. Ke5 Bb2+ 59.
Kxd5 Bxf6 60. e7 Re1 61. Kc5 Re5+ 62. Kb4 Bxe7+ 63. Kb3 Re3+ 64. Kc2 b4 65. Ra8
b3+ 66. Kb1 Bf6 67. Rf8 Re1# 0-1

[Event "4NCL Division 3 South"]
[Site "Milton Keynes, ENG"]
[Date "2022.03.26"]
[Round "5.124"]
[White "Osseiran, Nadim"]
[Black "Sivanandan, Bodhana"]
[Result "0-1"]
[WhiteElo "1189"]
[BlackElo "1488"]
[PlyCount "46"]
[EventDate "2022.03.26"]
[WhiteTeam "Celtic Tigers 3"]
[BlackTeam "Cambridge University Y"]

1. e4 e5 2. Nf3 Nc6 3. Bb5 a6 4. Bxc6 dxc6 5. d4 exd4 6. Qxd4 Qxd4 7. Nxd4 c5
8. Ne2 Bd7 9. Nbc3 O-O-O 10. Bf4 Bc6 11. Rd1 Rxd1+ 12. Kxd1 Nf6 13. f3 Be7 14.
Kc1 Re8 15. Bg5 h6 16. Bxf6 Bxf6 17. Nd5 Bxd5 18. Nc3 Bxc3 19. exd5 Bf6 20. Rd1
Kd7 21. c4 Re2 22. Rg1 Bd4 23. Kd1 Rxb2 0-1

[Event "4NCL Division 3 South"]
[Site "Milton Keynes, ENG"]
[Date "2022.03.26"]
[Round "5.125"]
[White "Jayakumar, Bharath"]
[Black "Royce, Alexander"]
[Result "1-0"]
[WhiteElo "1431"]
[BlackElo "1141"]
[PlyCount "93"]
[EventDate "2022.03.26"]
[WhiteTeam "Cambridge University Y"]
[BlackTeam "Celtic Tigers 3"]

{[%evp 0,93,24,15,13,-9,3,-4,-11,-28,10,7,31,-10,28,44,36,35,30,35,58,54,56,43,
42,49,50,35,65,49,271,98,238,245,295,118,692,256,256,256,330,330,330,330,324,
210,208,208,201,211,211,211,218,208,224,202,300,320,329,315,410,410,418,414,
506,452,502,531,531,604,693,702,706,782,1387,1387,1813,1880,28796,29044,29987,
29988,29989,29990,29991,29988,29991,29990,29991,29994,29995,29996,29997,29998,
29999,-30000]} 1. d4 d5 2. c4 e6 3. Nc3 Nf6 4. Bg5 Be7 5. Nf3 h6 6. Bh4 Ne4 7.
Bxe7 Qxe7 8. e3 Nxc3 9. bxc3 Qa3 10. Qc2 b6 11. Bd3 Bb7 12. cxd5 Bxd5 13. e4
Bc6 14. O-O f5 15. d5 exd5 16. exd5 Bxd5 17. Bxf5 Bxf3 18. Bg6+ Kd8 19. Qd3+
Qd6 20. Qxf3 Qxg6 21. Qxa8 Kc8 22. Qf3 Qc6 23. Qxc6 Nxc6 24. Rad1 Rd8 25. Rxd8+
Kxd8 26. Rd1+ Kc8 27. Rd3 Kb7 28. Rg3 g5 29. Rh3 g4 30. Rxh6 Ne5 31. Re6 Nf7
32. Rg6 Ne5 33. Rg5 Nc6 34. Rxg4 Kc8 35. h4 Kd7 36. h5 Ne7 37. h6 Ke8 38. h7
Kd7 39. h8=Q a5 40. Rd4+ Ke6 41. Qh6+ Kf7 42. Qh7+ Ke8 43. Re4 Kd8 44. Rxe7 Kc8
45. Rxc7+ Kb8 46. Ra7 Kc8 47. Qg8# 1-0

[Event "4NCL Division 3 South"]
[Site "Milton Keynes, ENG"]
[Date "2022.03.26"]
[Round "5.131"]
[White "Tucker, David S"]
[Black "Alldritt, Nigel R E"]
[Result "0-1"]
[WhiteElo "1912"]
[BlackElo "1935"]
[PlyCount "68"]
[EventDate "2022.03.26"]
[WhiteTeam "War and Piece A"]
[BlackTeam "Cambridge University 3"]

1. e4 e6 2. d4 d5 3. Nc3 Bb4 4. Bd3 Nf6 5. e5 Ng8 6. Qg4 Kf8 7. Nge2 f5 8. Qg3
Nd7 9. Bg5 Qe8 10. a3 Bxc3+ 11. bxc3 Nb6 12. h4 h6 13. Bc1 Na4 14. h5 Ne7 15.
Rh4 b5 16. Rb1 a6 17. Qf3 c5 18. c4 bxc4 19. Bxc4 Bd7 20. Bb3 c4 21. Ba2 Rb8
22. g4 Rxb1 23. Bxb1 Qb8 24. Ba2 Qd8 25. Nf4 Ke8 26. c3 Qb8 27. Rh3 Rf8 28. Ne2
Nb2 29. Bb1 Qb3 30. Nf4 Na4 31. Nxe6 Bxe6 32. Bxf5 Nxf5 33. gxf5 Qb1 34. Qd1
Qxf5 0-1

[Event "4NCL Division 3 South"]
[Site "Milton Keynes, ENG"]
[Date "2022.03.26"]
[Round "5.132"]
[White "Dhemrait, Jagdeep"]
[Black "Foulds, Andrew"]
[Result "1-0"]
[WhiteElo "1806"]
[BlackElo "1819"]
[PlyCount "39"]
[EventDate "2022.03.26"]
[WhiteTeam "Cambridge University 3"]
[BlackTeam "War and Piece A"]

1. e4 d5 2. exd5 Nf6 3. c4 e6 4. dxe6 Bxe6 5. Nf3 Qe7 6. Qe2 Nc6 7. d4 O-O-O 8.
d5 Qb4+ 9. Nc3 Bxd5 10. cxd5 Nxd5 11. Qc2 Bc5 12. Be2 Nxc3 13. bxc3 Qg4 14. O-O
Kb8 15. Ne5 Qe6 16. Nxc6+ Qxc6 17. Rb1 b6 18. Bf3 Qg6 19. Qa4 Qd3 20. Qc6 1-0

[Event "4NCL Division 3 South"]
[Site "Milton Keynes, ENG"]
[Date "2022.03.26"]
[Round "5.133"]
[White "Morrison, Munroe L"]
[Black "Phillips, William"]
[Result "1/2-1/2"]
[WhiteElo "1707"]
[BlackElo "1820"]
[PlyCount "27"]
[EventDate "2022.03.26"]
[WhiteTeam "War and Piece A"]
[BlackTeam "Cambridge University 3"]

1. e4 e5 2. Nf3 Nc6 3. Bc4 Bc5 4. c3 Nf6 5. d4 exd4 6. cxd4 Bb4+ 7. Nbd2 d5 8.
exd5 Nxd5 9. O-O O-O 10. Ne4 Be6 11. Qc2 Be7 12. Nfg5 Bxg5 13. Nxg5 g6 14. Nf3
1/2-1/2

[Event "4NCL Division 3 South"]
[Site "Milton Keynes, ENG"]
[Date "2022.03.26"]
[Round "5.134"]
[White "Breed, Greg J"]
[Black "O'Byrne, Daniel"]
[Result "1-0"]
[WhiteElo "1781"]
[BlackElo "1671"]
[PlyCount "81"]
[EventDate "2022.03.26"]
[WhiteTeam "Cambridge University 3"]
[BlackTeam "War and Piece A"]

1. d4 e6 2. Nf3 d5 3. c4 dxc4 4. Qa4+ Bd7 5. Qxc4 Nc6 6. Nc3 Nf6 7. Bf4 Nh5 8.
Bg5 Be7 9. Bxe7 Qxe7 10. a3 a6 11. e3 Rc8 12. Be2 Nf6 13. O-O O-O 14. b4 b5 15.
Qb3 Nd8 16. Ne5 c6 17. Rfc1 Nd5 18. Ne4 Nb7 19. Nc5 Nxc5 20. Rxc5 f6 21. Nxd7
Qxd7 22. Rac1 Rc7 23. Bf3 Rfc8 24. g3 Kf8 25. a4 Nb6 26. axb5 axb5 27. Qc2 Nd5
28. Qxh7 Qf7 29. Bxd5 exd5 30. Ra1 g6 31. Qh3 Kg7 32. Ra6 Rh8 33. Qg4 f5 34.
Qf4 Re8 35. Rcxc6 Rec8 36. Qe5+ Kh6 37. Rxc7 Rxc7 38. Ra8 g5 39. Rh8+ Kg6 40.
Qd6+ Qf6 41. Rh6+ 1-0

[Event "4NCL Division 3 South"]
[Site "Milton Keynes, ENG"]
[Date "2022.03.26"]
[Round "5.135"]
[White "Ross, David EC (jnr)"]
[Black "Dhemrait, Surjit S"]
[Result "1-0"]
[WhiteElo "1650"]
[BlackElo "1522"]
[PlyCount "53"]
[EventDate "2022.03.26"]
[WhiteTeam "War and Piece A"]
[BlackTeam "Cambridge University 3"]

1. e4 e5 2. Nf3 Nc6 3. Bc4 Be7 4. d4 exd4 5. O-O d6 6. Nxd4 Nf6 7. Nxc6 bxc6 8.
Re1 d5 9. e5 Ne4 10. Qf3 Be6 11. Bd3 Nc5 12. Be3 Nxd3 13. cxd3 Bb4 14. Nc3 Qd7
15. h3 O-O 16. d4 c5 17. dxc5 d4 18. Red1 Bxc3 19. bxc3 Bd5 20. Rxd4 Rad8 21.
Qd1 Qe6 22. c4 Qxe5 23. Rxd5 Rxd5 24. cxd5 Rd8 25. Rb1 h6 26. Qd3 Rxd5 27. Rb8+
1-0

[Event "4NCL Division 3 South"]
[Site "Milton Keynes, ENG"]
[Date "2022.03.26"]
[Round "5.136"]
[White "Nettleton, Robin"]
[Black "Chapman, Chas"]
[Result "1/2-1/2"]
[WhiteElo "1334"]
[BlackElo "1661"]
[PlyCount "35"]
[EventDate "2022.03.26"]
[WhiteTeam "Cambridge University 3"]
[BlackTeam "War and Piece A"]

1. d4 d5 2. Nf3 Nf6 3. Bf4 e6 4. e3 Bd6 5. c4 dxc4 6. Bxc4 Bxf4 7. exf4 O-O 8.
O-O b6 9. Nc3 Bb7 10. Ne5 Nbd7 11. Re1 Qc8 12. Bd3 Rd8 13. Ne4 Nxe4 14. Bxe4
Bxe4 15. Rxe4 Qb7 16. Qf3 Nf6 17. Re3 Qxf3 18. Nxf3 1/2-1/2

[Event "4NCL Division 3 South"]
[Site "Milton Keynes, ENG"]
[Date "2022.03.26"]
[Round "5.141"]
[White "Nelder, Allan"]
[Black "Abhishek, Pradhan"]
[Result "0-1"]
[WhiteElo "1627"]
[BlackElo "1813"]
[PlyCount "68"]
[EventDate "2022.03.26"]
[WhiteTeam "War and Piece B"]
[BlackTeam "Barnet Knights C"]

1. e4 e6 2. d4 d5 3. e5 c5 4. Qg4 cxd4 5. Nf3 Nc6 6. Bd3 Nge7 7. O-O Ng6 8. Re1
Qc7 9. c3 dxc3 10. Nxc3 a6 11. Bxg6 hxg6 12. Bd2 Be7 13. Rac1 Qb6 14. Na4 Qb5
15. b3 Bd7 16. Nc3 Qd3 17. Re3 Qf5 18. Qg3 d4 19. Ree1 dxc3 20. Bxc3 g5 21. h3
Qf4 22. Bd2 Qxg3 23. fxg3 f6 24. Kf2 Kf7 25. Bc3 Rhg8 26. Nd2 Nb4 27. Ke3 Bc5+
28. Bd4 Nd5+ 29. Kd3 Bb5+ 30. Nc4 Nb4+ 31. Ke4 f5+ 32. Ke3 Bxc4 33. Rxc4 Bxd4+
34. Rxd4 Nc2+ 0-1

[Event "4NCL Division 3 South"]
[Site "Milton Keynes, ENG"]
[Date "2022.03.26"]
[Round "5.142"]
[White "Bakacsi, Zsolt"]
[Black "Rose, David"]
[Result "1-0"]
[WhiteElo "1740"]
[BlackElo "1514"]
[PlyCount "26"]
[EventDate "2022.03.26"]
[WhiteTeam "Barnet Knights C"]
[BlackTeam "War and Piece B"]

1. e4 d6 2. c4 Nf6 3. Nf3 g6 4. Nc3 Bg7 5. d4 Bg4 6. Be2 c6 7. h3 Bxf3 8. Bxf3
Nbd7 9. O-O O-O 10. Be3 e5 11. d5 a5 12. dxc6 bxc6 13. Qxd6 Qc8 1-0

[Event "4NCL Division 3 South"]
[Site "Milton Keynes, ENG"]
[Date "2022.03.26"]
[Round "5.143"]
[White "Charles, Steven R"]
[Black "Bloom, Paul"]
[Result "1/2-1/2"]
[WhiteElo "1242"]
[BlackElo "1679"]
[PlyCount "62"]
[EventDate "2022.03.26"]
[WhiteTeam "War and Piece B"]
[BlackTeam "Barnet Knights C"]

1. Nf3 Nf6 2. g3 d5 3. Bg2 Nc6 4. O-O Bg4 5. d3 Qd7 6. Nbd2 Bh3 7. e4 Bxg2 8.
Kxg2 h6 9. e5 Nh7 10. Nb3 e6 11. d4 b6 12. c3 Be7 13. Ng1 Ng5 14. f4 Ne4 15.
Nd2 Nxd2 16. Bxd2 Na5 17. b3 c5 18. Rc1 Nb7 19. Qe2 O-O 20. Qg4 f5 21. Qh5 Qe8
22. g4 Qxh5 23. gxh5 Kh7 24. Nf3 Rg8 25. Rg1 g5 26. hxg6+ Rxg6+ 27. Kf2 Rag8
28. Rxg6 Rxg6 29. Rg1 Nd8 30. Rxg6 Kxg6 31. Be1 Kh5 1/2-1/2

[Event "4NCL Division 3 South"]
[Site "Milton Keynes, ENG"]
[Date "2022.03.26"]
[Round "5.144"]
[White "Pang, Ethan"]
[Black "Brewer, Sam"]
[Result "1-0"]
[WhiteElo "1545"]
[BlackElo "1150"]
[PlyCount "97"]
[EventDate "2022.03.26"]
[WhiteTeam "Barnet Knights C"]
[BlackTeam "War and Piece B"]

1. e4 e5 2. Nf3 Nc6 3. d4 d6 4. Bb5 Bd7 5. d5 Nce7 6. Bxd7+ Qxd7 7. c4 Nf6 8.
Nc3 a6 9. Bg5 Ng6 10. h3 Be7 11. Qb3 h6 12. Bxf6 Bxf6 13. g3 Rb8 14. Rc1 O-O
15. Kf1 c6 16. Qb6 Bd8 17. dxc6 Qxc6 18. Qxc6 bxc6 19. b3 a5 20. Rd1 Bc7 21.
Na4 Rfd8 22. Kg2 Ne7 23. Rhe1 f6 24. Re2 Rd7 25. Nc5 Rdd8 26. Ne6 Rdc8 27. Nxc7
Rxc7 28. Rxd6 Nc8 29. Rd8+ Kh7 30. Re3 c5 31. Nd2 Rc6 32. Red3 Rbb6 33. R3d7
Nd6 34. Ra7 Ra6 35. Rda8 Rxa7 36. Rxa7 f5 37. exf5 Nxf5 38. Ne4 Nd4 39. Rxa5
Ne6 40. Kf3 Ng5+ 41. Nxg5+ hxg5 42. Ke4 Rh6 43. Rxc5 Rxh3 44. Rxe5 Kh6 45. a4
Rh1 46. Rb5 Rf1 47. f3 Re1+ 48. Kd3 g4 49. fxg4 1-0

[Event "4NCL Division 3 South"]
[Site "Milton Keynes, ENG"]
[Date "2022.03.26"]
[Round "5.145"]
[White "Jamieson, David"]
[Black "Agnihotri, Aaryan"]
[Result "0-1"]
[WhiteElo "1050"]
[BlackElo "1529"]
[PlyCount "72"]
[EventDate "2022.03.26"]
[WhiteTeam "War and Piece B"]
[BlackTeam "Barnet Knights C"]

1. d4 d5 2. Bf4 Nc6 3. c3 Nf6 4. Nf3 Bf5 5. Nbd2 e6 6. Qa4 Qd7 7. e3 a6 8. Ne5
Nxe5 9. Qxd7+ Nexd7 10. Bxc7 Be7 11. Be5 Nxe5 12. dxe5 Ng4 13. Rg1 Nxe5 14. f4
Ng4 15. Be2 Nxe3 16. Kf2 Bc5 17. Kg3 Nc2 18. b4 Nxa1 19. Rxa1 Be3 20. Nf3 h5
21. h4 Rc8 22. b5 axb5 23. Bxb5+ Ke7 24. Re1 Rxc3 25. Kh2 Bxf4+ 26. Kh1 Rd8 27.
Ng5 Bxg5 28. hxg5 d4 29. Be2 d3 30. Bxh5 d2 31. Rg1 Be4 32. Kh2 Rc1 33. a4 Rxg1
34. Kxg1 d1=Q+ 35. Bxd1 Rxd1+ 36. Kf2 Ra1 0-1

[Event "4NCL Division 3 South"]
[Site "Milton Keynes, ENG"]
[Date "2022.03.26"]
[Round "5.151"]
[White "Balloglu, Piro"]
[Black "Agnihotri, Akaash"]
[Result "1-0"]
[WhiteElo "2068"]
[BlackElo "1493"]
[PlyCount "119"]
[EventDate "2022.03.26"]
[WhiteTeam "Hackney Returns"]
[BlackTeam "Barnet Knights D"]

1. e4 e5 2. Nf3 Nc6 3. d4 exd4 4. Nxd4 Bc5 5. Nxc6 bxc6 6. Bc4 Bb7 7. Bxf7+ Kf8
8. Bxg8 Kxg8 9. Qd3 d5 10. Nc3 Qf6 11. O-O Bd4 12. Ne2 c5 13. Nxd4 Qxd4 14. Qb5
Rb8 15. Be3 Qxe4 16. Bxc5 d4 17. f3 Qd5 18. Rae1 c6 19. Qb4 h6 20. Re7 Kh7 21.
Bxd4 Rhg8 22. Bxa7 Ba6 23. Bxb8 Rxb8 24. Qc3 Qg5 25. Rfe1 Bc8 26. f4 Qg6 27. a4
c5 28. Qe5 Rb4 29. Qc7 Bb7 30. Rxg7+ Qxg7 31. Re7 Qxe7 32. Qxe7+ Kg8 33. b3
Rxf4 34. Qxb7 Rf7 35. Qd5 Kg7 36. Qxf7+ Kxf7 37. a5 Ke6 38. a6 Kd5 39. a7 Kd4
40. a8=Q Kc3 41. Qe4 Kb2 42. h4 h5 43. Qe5+ Kxc2 44. Qxc5+ Kxb3 45. Qxh5 Kc4
46. Qe5 Kd3 47. h5 Kc4 48. h6 Kb4 49. h7 Kb3 50. h8=Q Kc2 51. Qc8+ Kd2 52. Qd7+
Kc2 53. Qc5+ Kb3 54. g4 Ka2 55. g5 Kb3 56. g6 Kb2 57. g7 Kb1 58. g8=Q Ka1 59.
Qa8+ Kb2 60. Qdb7# 1-0

[Event "4NCL Division 3 South"]
[Site "Milton Keynes, ENG"]
[Date "2022.03.26"]
[Round "5.152"]
[White "Keshari, Krish"]
[Black "Sugden, Freddie"]
[Result "0-1"]
[WhiteElo "1217"]
[BlackElo "1830"]
[PlyCount "118"]
[EventDate "2022.03.26"]
[WhiteTeam "Barnet Knights D"]
[BlackTeam "Hackney Returns"]

1. e4 e5 2. Nf3 Nc6 3. d4 exd4 4. Nxd4 Qh4 5. Nc3 Bb4 6. Qd3 Ne5 7. Qe3 Nf6 8.
Nf5 Qxe4 9. Qxe4 Nxe4 10. Bd2 Bxc3 11. Bxc3 Nxc3 12. bxc3 O-O 13. O-O-O d6 14.
Ne7+ Kh8 15. Nd5 Bf5 16. Nxc7 Rad8 17. Nb5 Bg4 18. f3 Nxf3 19. Nxd6 Ne5 20. Rd5
f6 21. c4 Be6 22. Nxb7 Rxd5 23. cxd5 Bxd5 24. Nc5 Bxa2 25. Nb3 Rb8 26. Kb2 Bxb3
27. cxb3 Rd8 28. Kc3 Rd1 29. g3 Nf3 30. h3 Ng5 31. h4 Ne4+ 32. Kc2 Nxg3 33.
Kxd1 Nxh1 34. Ke2 Ng3+ 35. Kf2 Nxf1 36. Kxf1 g5 37. h5 g4 38. Kg2 f5 39. Kg3
Kg7 40. Kf4 Kh6 41. Kg3 Kxh5 42. b4 Kg5 43. b5 f4+ 44. Kg2 Kh4 45. Kf1 Kg3 46.
Kg1 f3 47. Kf1 Kh2 48. b6 axb6 49. Kf2 g3+ 50. Kxf3 g2 51. Kf4 g1=Q 52. Ke5 b5
53. Kd6 b4 54. Kc7 Qd4 55. Kb8 Qc4 56. Ka8 b3 57. Ka7 b2 58. Ka8 b1=Q 59. Ka7
Qa4# 0-1

[Event "4NCL Division 3 South"]
[Site "Milton Keynes, ENG"]
[Date "2022.03.26"]
[Round "5.153"]
[White "Saunois, Anthony"]
[Black "Pradhan, Ayan"]
[Result "0-1"]
[WhiteElo "1365"]
[BlackElo "1097"]
[PlyCount "54"]
[EventDate "2022.03.26"]
[WhiteTeam "Hackney Returns"]
[BlackTeam "Barnet Knights D"]

1. d4 Nf6 2. c4 g6 3. Nc3 Bg7 4. f3 O-O 5. e4 d6 6. Bf4 Nbd7 7. Bd3 e5 8. Be3
Ne8 9. d5 f5 10. exf5 gxf5 11. Qc2 Nb8 12. O-O-O a5 13. a4 Na6 14. Na2 Bd7 15.
Ne2 Rc8 16. Ng3 f4 17. Bxh7+ Kh8 18. Nh5 fxe3 19. Nxg7 Nxg7 20. Rde1 Bxa4 21.
b3 Bxb3 22. Qb1 Bxa2 23. Qg6 Rf6 24. Qd3 Nb4 25. Qe4 Bxc4 26. Bg6 Nd3+ 27. Kd1
Nf2+ 0-1

[Event "4NCL Division 3 South"]
[Site "Milton Keynes, ENG"]
[Date "2022.03.26"]
[Round "5.154"]
[White "Rowland, Benjamin"]
[Black "Hylands, Keith"]
[Result "0-1"]
[WhiteElo "1265"]
[BlackElo "1391"]
[PlyCount "108"]
[EventDate "2022.03.26"]
[WhiteTeam "Barnet Knights D"]
[BlackTeam "Watford B"]

1. e4 e6 2. d4 d5 3. exd5 exd5 4. Nf3 Nf6 5. Be2 Bd6 6. Bg5 h6 7. Bh4 Nbd7 8.
Nc3 c6 9. Qd3 Qc7 10. Qe3+ Be7 11. Bg3 Qd8 12. Bd6 Ng4 13. Bxe7 Qxe7 14. Qxe7+
Kxe7 15. h3 Ngf6 16. O-O-O Re8 17. Rde1 Kf8 18. Bd3 Rxe1+ 19. Rxe1 Ne8 20. Nh4
Nd6 21. Nd1 Nf6 22. Ne3 g6 23. f4 Nfe4 24. c4 Be6 25. c5 Nb5 26. Nf3 b6 27. Ng4
bxc5 28. dxc5 Nxc5 29. Bxb5 cxb5 30. Nxh6 Nd3+ 31. Kd2 Nxe1 32. Kxe1 f5 33. g4
fxg4 34. Nxg4 Bxg4 35. hxg4 Re8+ 36. Ne5 Kg7 37. Kd2 Re6 38. Kc3 g5 39. Nd3
gxf4 40. Nxf4 Rc6+ 41. Kb4 Rc4+ 42. Kxb5 Rxf4 43. b4 d4 44. Kc4 Rxg4 45. a4 d3+
46. Kxd3 Rxb4 47. a5 Ra4 48. a6 Rxa6 49. Kc4 Rb6 50. Kc5 Rb1 51. Kc4 a5 52. Kc3
a4 53. Kc2 Rb8 54. Kc1 a3 0-1

[Event "4NCL Division 3 South"]
[Site "Milton Keynes, ENG"]
[Date "2022.03.26"]
[Round "5.155"]
[White "Keerthi Kumar, Advait"]
[Black "Michener, Max"]
[Result "0-1"]
[WhiteElo "1369"]
[BlackElo "1200"]
[PlyCount "46"]
[EventDate "2022.03.26"]
[WhiteTeam "Watford B"]
[BlackTeam "Barnet Knights D"]

1. e4 e5 2. f4 exf4 3. Nf3 g5 4. d4 g4 5. Ne5 Qh4+ 6. g3 fxg3 7. Qxg4 g2+ 8.
Qxh4 gxh1=Q 9. Qf4 Nh6 10. Qh4 Rg8 11. Bxh6 Bxh6 12. Qxh6 Qxe4+ 13. Be2 Rg1+
14. Kd2 d6 15. Nd3 Qxd4 16. Qxh7 c5 17. c3 Qg7 18. Qe4+ Kf8 19. a4 Qg5+ 20. Kc2
Nc6 21. a5 Bf5 22. Qf3 c4 23. a6 Rc1# 0-1

[Event "4NCL Division 3 South"]
[Site "Milton Keynes, ENG"]
[Date "2022.03.26"]
[Round "5.156"]
[White "Veselow, Zoe"]
[Black "Koripalli, Pooja"]
[Result "1-0"]
[WhiteElo "1157"]
[BlackElo "800"]
[PlyCount "47"]
[EventDate "2022.03.26"]
[WhiteTeam "Barnet Knights D"]
[BlackTeam "Watford B"]

1. e4 e5 2. Nf3 Nc6 3. d4 exd4 4. c3 Nf6 5. e5 Ng8 6. cxd4 f6 7. Be2 b6 8. Nc3
Bb7 9. O-O Qe7 10. Re1 O-O-O 11. Bc4 Na5 12. Bb3 g5 13. exf6 Qxf6 14. Bxg5 Qg7
15. Bxd8 Kxd8 16. d5 c6 17. d6 h5 18. Qd2 Nf6 19. Qg5 c5 20. Ne5 Nc6 21. Qxg7
Rg8 22. Bxg8 Nxg8 23. Nf7+ Kc8 24. Re8+ {#} 1-0

[Event "4NCL Division 3 South"]
[Site "Milton Keynes, ENG"]
[Date "2022.03.26"]
[Round "5.157"]
[White "George, Seb"]
[Black "Conway, Paul Bernard"]
[Result "0-1"]
[WhiteElo "1295"]
[BlackElo "1832"]
[PlyCount "56"]
[EventDate "2022.03.26"]
[WhiteTeam "Watford B"]
[BlackTeam "Hackney Returns"]

1. e4 e6 2. b3 b6 3. Bb2 Bb7 4. Nc3 Nf6 5. d3 d5 6. Qe2 d4 7. Nb5 Bb4+ 8. c3
dxc3 9. Bxc3 Bxc3+ 10. Nxc3 Nc6 11. Nf3 e5 12. g3 Nd4 13. Nxd4 Qxd4 14. Rc1 Ba6
15. Qc2 c5 16. Nd1 Rd8 17. Ne3 Bxd3 18. Qxd3 Qxd3 19. Bxd3 Rxd3 20. Rc4 O-O 21.
Ra4 a5 22. Nc4 Rfd8 23. O-O b5 24. Nxe5 bxa4 25. Nxd3 Rxd3 26. e5 Nd5 27. Rc1
Nc3 28. bxa4 Ne2+ 0-1